Our India / (Record no. 984591)

MARC details
000 -LEADER
fixed length control field 00797nam a2200277 a 4500
001 - CONTROL NUMBER
control field vtls001533515
003 - CONTROL NUMBER IDENTIFIER
control field NLI
005 - DATE AND TIME OF LATEST TRANSACTION
control field 20210627145701.0
008 - FIXED-LENGTH DATA ELEMENTS--GENERAL INFORMATION
fixed length control field 121212s1940 xx 000 0 eng
039 #9 - LEVEL OF BIBLIOGRAPHIC CONTROL AND CODING DETAIL [OBSOLETE]
-- 201212121643
-- VLOAD
040 0# - CATALOGING SOURCE
Original cataloging agency NLI
Language of cataloging eng
Transcribing agency XData_1
Description conventions AACR2
041 0# - LANGUAGE CODE
Language code of text/sound track or separate title eng
044 ## - COUNTRY OF PUBLISHING/PRODUCING ENTITY CODE
MARC country code xx
082 ## - DEWEY DECIMAL CLASSIFICATION NUMBER
Classification number 173
100 1# - MAIN ENTRY--PERSONAL NAME
Personal name Masani, Minoo
245 10 - TITLE STATEMENT
Title Our India /
Statement of responsibility, etc. by Minoo Masani ; illustrated by C.H.G. Moorhouse
260 ## - PUBLICATION, DISTRIBUTION, ETC.
Place of publication, distribution, etc. Humpherey Milford :
Name of publisher, distributor, etc. Oxford University Press,
Date of publication, distribution, etc. 1940
300 ## - PHYSICAL DESCRIPTION
Extent 165 p. ;
Dimensions 19 cm.
651 #0 - SUBJECT ADDED ENTRY--GEOGRAPHIC NAME
Geographic name India
General subdivision Social conditions
9 (RLIN) 678870
700 1# - ADDED ENTRY--PERSONAL NAME
Personal name Moorhouse, C.H.G.,
Relationship ill
9 (RLIN) 695622
887 ## - NON-MARC INFORMATION FIELD
Content of non-MARC field
901 ## - LOCAL DATA ELEMENT A, LDA (RLIN)
a IMP47201
b 28.01.2011
902 ## - LOCAL DATA ELEMENT B, LDB (RLIN)
a 173 A 549
949 ## - LOCAL PROCESSING INFORMATION (OCLC)
-- VIRTUAITEM
-- 10000
-- 100
6 IMP000047201ENG
942 ## - ADDED ENTRY ELEMENTS (KOHA)
Source of classification or shelving scheme Dewey Decimal Classification
Koha item type Books
Holdings
Withdrawn status Lost status Damaged status Not for loan Home library Current library Date acquired Total Checkouts Full call number Barcode Date last seen Price effective from Koha item type
        National Library of India National Library of India     173 A 549 IMP000047201ENG 27/06/2021 27/06/2021 Books
                                                                           
web counter

Copyright ©2020 The National Library of India, Govt. of India ↔ Hosted by NVLI, MOC ↔ Technology and Design by National Library of India, Ministry of Culture, Govt. of India